Patentové portfolio a model znalostní firmy
Identifikovanie kritických faktorov v procese efektívneho riadenia patentového portfólia. Podstata znalostných firiem. Analýza možností ich ocenenia.
Na minha lista:
| Autor principal: | |
|---|---|
| Formato: | Capítulo de Livro |
| Idioma: | tcheco |
| Assuntos: | |
| Tags: |
Sem tags, seja o primeiro a adicionar uma tag!
|
MARC
| LEADER | 00000naa a2200000 4500 | ||
|---|---|---|---|
| 001 | 0174661 | ||
| 005 | 20220713131219.9 | ||
| 041 | 0 | |a cze | |
| 044 | |a CZ | ||
| 245 | 1 | 0 | |a Patentové portfolio a model znalostní firmy |c Josef Malý |
| 520 | |a Identifikovanie kritických faktorov v procese efektívneho riadenia patentového portfólia. Podstata znalostných firiem. Analýza možností ich ocenenia. | ||
| 610 | 2 | 0 | |a právo patentové |
| 610 | 2 | 0 | |a organizácie vedomostné |
| 610 | 2 | 0 | |a vlastníctvo duševné |
| 610 | 2 | 0 | |a kapitál intelektuálny |
| 610 | 2 | 0 | |a portfólio |
| 610 | 2 | 0 | |a oceňovanie |
| 100 | 1 | |a Malý, Josef | |